000 00942nam a2200217Ia 4500
999 _c39311
_d39311
001 5897
003 GE_BSU
005 20190820093029.0
008 181216s1968||||ge |||||||||||||| ||geo||
040 _cGE_BSU
041 _ageo
080 _a821.353.1-1 ა-13
100 _aაბაშელი, ალექსანდრე
_93648
245 _aრჩეული :
_b ლექსები /
_cალექსანდრე აბაშელი ; აკ. გაწერელიას წინასიტყვ. ; რედ. ო. ჭელიძე.
264 _aთბილისი :
_bსაბჭოთა საქართველო ;
_c1968.
300 _a171 გვ. ;
_c17 სმ.
653 _aლექსები
700 _aჭელიძე, ო.
_eრედაქტორი
_9483
700 _aგაწერელიას, აკ.
_eწინასიტყვაობა
_93690
942 _cBK
_2udc